Gimnasia acrobática
Saved in:
| Main Author: | |
|---|---|
| Format: | Book |
| Language: | Spanish |
| Published: |
Ciudad de México
Interamericana
1974
|
| Series: | Serie de actividades físicas
|
| Subjects: | |
| Tags: |
Add Tag
No Tags, Be the first to tag this record!
|
MARC
| LEADER | 00000nam a2200000 a 4500 | ||
|---|---|---|---|
| 001 | UCZ0212 | ||
| 003 | CL-VaPUC | ||
| 008 | 950724e19740914MX |||||||||||||||||spa|d | ||
| 082 | 0 | 4 | |a 796.47 |b EDW |2 21 |
| 100 | 0 | |a Edwards, Vannie M |e author |9 342881 | |
| 245 | 1 | 0 | |a Gimnasia acrobática |
| 300 | |a 111 p | ||
| 942 | |c BK | ||
| 945 | |d 19950724 00:00:00 |a lriquelm | ||
| 260 | |a Ciudad de México |b Interamericana |c 1974 | ||
| 650 | 7 | |a GIMNASIA |2 CL-VaPUC |9 307275 | |
| 650 | 0 | |a Acrobacia |9 307469 | |
| 650 | 7 | |a REGLAMENTOS |2 CL-VaPUC |9 259254 | |
| 650 | 7 | |a EJERCICIO |2 CL-VaPUC |9 310040 | |
| 583 | |a last modification |c 19950724 00:00:00 |k Rodrigo Vera | ||
| 490 | 0 | |a Serie de actividades físicas | |
| 999 | |c 237173 |d 237171 | ||
| 952 | |0 0 |1 0 |4 0 |6 796_470000000000000_EDW_1974 |7 0 |8 P |9 246007 |a BIBEDU |b BIBEDU |c BIBEDU_PB |d 2019-11-18 |i 1541641 |o 796.47 EDW 1974 |p 1541641 |r 2024-01-25 |w 2019-11-18 |y BK |k EDU | ||